000 00507nam a2200181Ia 4500
005 20250326141432.0
008 250326s9999 xx 000 0 und d
037 _aTextbook
040 _aFMSL
_beng
_cFMSL
041 _aeng
_2eng
084 _qFMSL
100 _aKrishnaswamy K.s. Ed.
245 0 _apoverty and income distribution.
_cKrishnaswamy K.s. Ed.
260 _aDelhi
_bDelhi, Sameeksha trust Oxford University press.
_c1990
300 _a420p
942 _cTB
999 _c1290297
_d1290297